Normal view
MARC view
- Kumaravel K. S.
Entry Personal Name
001 - CONTROL NUMBER
- control field: 1297
003 - CONTROL NUMBER IDENTIFIER
- control field: OSt
005 - DATE AND TIME OF LATEST TRANSACTION
- control field: 20160826101405.0
008 - FIXED-LENGTH DATA ELEMENTS
- fixed length control field: 160826|| aca||aabn | a|a d
040 ## - CATALOGING SOURCE
- Original cataloging agency: OSt
- Transcribing agency: OSt
100 ## - HEADING--PERSONAL NAME
- Personal name: Kumaravel K. S.
670 ## - SOURCE DATA FOUND
- Source citation: Work cat.: (OSt): India's Agricultural Trade: Challenges and opportunities, 2007
